000 00595nam a2200229 i 4500
001 bgj
100 1 _aLORD, Bette Bao.
245 1 0 _aSpring Moon :
_ba novel of China /
_cBette Bao Lord.
260 _aNew York [etc.] :
_bHarper & Row Publishers,
_cc. 1981.
300 _aIX, 464 pp ;
_c24 cm.
650 9 _aWomen
_zChina
650 9 _aCommunism and culture
650 9 _aHistorical fiction
651 9 _aChina
655 _aFiction
020 _a0060148934
040 _cBPK
041 0 _aeng
920 _a0-06-014893-4
942 _cKS
008 s uk f |000 0 eng
999 _c47499
_d47499
856 _uhttp://koha.tu.koszalin.pl/cgi-bin/koha/opac-detail.pl?biblionumber=47499
_yKatalog online BPK